[Event "Women's Speed Chess Q3"]
[Site "chess.com INT"]
[Date "2021.05.30"]
[Round "16"]
[White "Rakshitta, Ravi"]
[Black "Zhai, Mo"]
[Result "0-1"]
[WhiteTitle "WIM"]
[BlackTitle "WGM"]
[WhiteElo "2190"]
[BlackElo "2366"]
[WhiteFideId "25073230"]
[BlackFideId "8600201"]
[EventDate "2021.05.30"]

1. e4 e6 2. d4 d5 3. Nc3 dxe4 4. Nxe4 Bd7 5. Nf3 Bc6 6. Bd3 Nd7 7. O-O Ngf6 8.
Re1 Be7 9. Ng3 b6 10. c3 O-O 11. Ne5 Bb7 12. Bg5 Re8 13. Nh5 h6 14. Nxd7 Nxd7
15. Bxe7 Qxe7 16. Qg4 Qg5 17. Qxg5 hxg5 18. Re3 g6 19. Ng3 Kg7 20. Ne4 g4 21.
Re2 Rh8 22. Rae1 Rh4 23. Ng3 Rah8 24. Nf1 Nf6 25. Re3 Nd5 26. Rg3 Nf4 27. Bc4
Bc6 28. h3 gxh3 29. f3 hxg2 30. Rxg2 Bxf3 31. Rg3 Bc6 32. Kf2 Nh3+ 33. Ke3 Nf4
34. Kd2 Rh1 35. Rf3 Bxf3 36. Ne3 Rxe1 37. Kxe1 Rh2 38. Nf1 Rxb2 39. Bb3 Ng2# 0-1

[Event "Women's Speed Chess Q3"]
[Site "chess.com INT"]
[Date "2021.05.30"]
[Round "16"]
[White "Eswaran, Aksithi"]
[Black "Zakirova, Aisha"]
[Result "1-0"]
[WhiteTitle "WCM"]
[BlackTitle "WCM"]
[WhiteElo "1745"]
[BlackElo "1585"]
[WhiteFideId "2083485"]
[BlackFideId "13719734"]
[EventDate "2021.05.30"]

1. e4 c5 2. Nf3 d6 3. d4 cxd4 4. Nxd4 Nf6 5. Nc3 Nc6 6. Be2 e5 7. Nb3 Be6 8. Bg5
Be7 9. O-O O-O 10. Qd2 h6 11. Bxf6 Bxf6 12. Nd5 Bg5 13. Qd1 Rc8 14. c4 f5 15.
exf5 Bxf5 16. Bg4 Qd7 17. Bxf5 Qxf5 18. Ne3 Bxe3 19. fxe3 Qe6 20. c5 d5 21. Qe2
e4 22. Nd4 Nxd4 23. exd4 Rf6 24. Qe3 Rcf8 25. Rxf6 Qxf6 26. b4 Qc6 27. a4 a6 28.
Qb3 Kh8 29. b5 Qf6 30. Qe3 Qg6 31. Re1 Rf3 32. Qe2 Rd3 33. Qf2 Kh7 34. c6 bxc6
35. bxa6 c5 36. dxc5 Qxa6 37. Qf5+ Qg6 38. Qxg6+ Kxg6 39. Rc1 d4 40. c6 Ra3 41.
c7 d3 42. c8=Q d2 43. Qg4+ Kh7 44. Qxe4+ Kh8 45. Rc8# 1-0

[Event "Women's Speed Chess Q3"]
[Site "chess.com INT"]
[Date "2021.05.30"]
[Round "16"]
[White "Vo, Thi Kim Phung"]
[Black "Nguyen, Hong Anh"]
[Result "1-0"]
[WhiteTitle "WGM"]
[BlackTitle "WIM"]
[WhiteElo "2335"]
[BlackElo "1993"]
[WhiteFideId "12401838"]
[BlackFideId "12406732"]
[EventDate "2021.05.30"]

1. d4 Nf6 2. c4 g6 3. Nc3 d5 4. cxd5 Nxd5 5. e4 Nxc3 6. bxc3 Bg7 7. Bc4 c5 8.
Ne2 O-O 9. O-O Nc6 10. Be3 Qc7 11. Rc1 Rd8 12. Qa4 Bd7 13. Qa3 Qa5 14. Qb3 e6
15. Qxb7 Rab8 16. Qa6 Qxa6 17. Bxa6 Rb2 18. Rb1 Rdb8 19. Rxb2 Rxb2 20. Bc4 Na5
21. Ba6 Rxa2 22. dxc5 Bc6 23. Ng3 Bxc3 24. Rb1 Kg7 25. h4 h5 26. f3 Be5 27. Nf1
Ra3 28. Bf2 Nb3 29. Be2 Na1 30. Rd1 Nc2 31. Rd8 a5 32. Rc8 Bd7 33. Rd8 Bc6 34.
Rc8 Bb7 35. Rd8 Rc3 36. Bb5 a4 37. Bxa4 Nb4 38. Rd7 Ba6 39. Rd1 Nd3 40. Be3 Nxc5
41. Bf2 Be2 42. Ra1 Bxf1 43. Bxc5 Rxc5 44. Rxf1 Bd4+ 45. Kh2 Bf6 46. g3 Rc2+ 47.
Bxc2 Be5 48. Kg2 1-0

[Event "Women's Speed Chess Q3"]
[Site "chess.com INT"]
[Date "2021.05.30"]
[Round "16"]
[White "Batsiashvili, Nino"]
[Black "Kulkarni, Bhakti"]
[Result "0-1"]
[WhiteTitle "GM"]
[BlackTitle "IM"]
[WhiteElo "2491"]
[BlackElo "2391"]
[WhiteFideId "13602993"]
[BlackFideId "5019516"]
[EventDate "2021.05.30"]

1. d4 d6 2. c4 e5 3. Nc3 exd4 4. Qxd4 Nc6 5. Qd2 Nf6 6. b3 Be6 7. e4 a5 8. Bb2
a4 9. Rd1 axb3 10. axb3 Be7 11. Bd3 O-O 12. Nge2 Na5 13. Bc2 c5 14. O-O Nc6 15.
Nd5 Bxd5 16. exd5 Nb4 17. Bb1 b5 18. Ng3 bxc4 19. bxc4 Qd7 20. Rfe1 Rfe8 21. Nf5
Bd8 22. Rxe8+ Nxe8 23. Qf4 Rb8 24. Qg3 g6 25. Nh6+ Kf8 26. Qf4 Nxd5 27. cxd5
Rxb2 28. Bd3 Bf6 29. h3 Bd4 30. Rf1 Kg7 31. Ng4 f5 32. Qh6+ Kg8 33. Nh2 Nf6 34.
Nf3 Bc3 35. Ng5 Qg7 36. Qh4 Rb4 37. Qg3 Be5 38. Qf3 Qb7 39. Re1 Qxd5 40. Qe2 Kg7
41. Nf3 c4 42. Bc2 Rb2 43. Rd1 Qc5 44. Nxe5 dxe5 0-1

[Event "Women's Speed Chess Q3"]
[Site "chess.com INT"]
[Date "2021.05.30"]
[Round "16"]
[White "Obregon Garcia, Roxangel"]
[Black "Zawadzka, Jolanta"]
[Result "0-1"]
[WhiteTitle "WIM"]
[BlackTitle "WGM"]
[WhiteElo "2167"]
[BlackElo "2399"]
[WhiteFideId "3520420"]
[BlackFideId "1122320"]
[EventDate "2021.05.30"]

1. e4 c5 2. Nf3 Nc6 3. d4 cxd4 4. Nxd4 e6 5. Be3 Nf6 6. Nc3 Bb4 7. f3 Qa5 8.
Nxc6 bxc6 9. Bd2 Qc7 10. Bd3 O-O 11. O-O Bd6 12. f4 e5 13. Qf3 exf4 14. Bxf4 Be5
15. Rad1 d6 16. h3 Nd7 17. Ne2 Rb8 18. b3 Nc5 19. Qg3 Kh8 20. c4 Ne6 21. Bc2
Nxf4 22. Nxf4 Be6 23. Qf3 Bc8 24. Nd3 Bb7 25. Nxe5 dxe5 26. Qf5 Rbd8 27. Rxd8
Qxd8 28. Qxe5 c5 29. Qf5 Qd2 30. e5 g6 31. Qf2 Qc3 32. e6 f5 33. Re1 Re8 34. e7
Kg7 35. Bb1 Qf6 36. Qxc5 Qg5 37. Qf2 Rxe7 38. Rxe7+ Qxe7 39. Bd3 Qd6 40. Be2 Qd2
41. Bf3 Qc1+ 42. Kh2 Qf4+ 43. Kh1 Bxf3 44. Qxf3 Qc1+ 45. Kh2 Qb2 46. c5 Qe5+ 47.
Kh1 Qxc5 48. Qc3+ Qxc3 0-1

[Event "Women's Speed Chess Q3"]
[Site "chess.com INT"]
[Date "2021.05.30"]
[Round "16"]
[White "Havanecz, Bianka"]
[Black "Mkrtchian, Lilit"]
[Result "0-1"]
[WhiteTitle "WIM"]
[BlackTitle "IM"]
[WhiteElo "2257"]
[BlackElo "2388"]
[WhiteFideId "704814"]
[BlackFideId "13300601"]
[EventDate "2021.05.30"]

1. d4 Nf6 2. c4 c6 3. Nf3 d5 4. Nc3 dxc4 5. a4 Bf5 6. e3 e6 7. Bxc4 Bb4 8. O-O
Nbd7 9. Qe2 O-O 10. e4 Bg6 11. e5 Nd5 12. Nxd5 cxd5 13. Bd3 Bxd3 14. Qxd3 Be7
15. Be3 Qb6 16. Bg5 Qb4 17. h4 h6 18. Bxe7 Qxe7 19. Qb5 Nb8 20. Rfc1 Nc6 21. a5
a6 22. Qb6 Rfc8 23. Rab1 Nb4 24. g3 Rc6 25. Rxc6 Nxc6 26. Rc1 Rc8 27. Rc5 Qc7
28. Qxc7 Rxc7 29. b4 Rd7 30. b5 axb5 31. Rxb5 Rc7 32. Kg2 Kf8 33. Rc5 Ke7 34.
Ne1 Kd7 35. Nc2 Nb8 36. Rxc7+ Kxc7 37. Kf3 Kc6 38. g4 Kb5 39. g5 hxg5 40. hxg5
g6 41. Ke3 Kxa5 42. Kd3 b5 43. Kc3 Nc6 44. Ne3 b4+ 45. Kd3 Ka4 46. Ng4 Kb3 47.
Nh6 Nd8 48. Ng4 Kb2 49. Ne3 b3 50. Nd1+ Kc1 51. Kc3 Kxd1 52. Kxb3 Kd2 0-1

[Event "Women's Speed Chess Q3"]
[Site "chess.com INT"]
[Date "2021.05.30"]
[Round "16"]
[White "Komiagina, Maria"]
[Black "Dordzhieva, Dinara"]
[Result "0-1"]
[WhiteTitle "WIM"]
[BlackTitle "WGM"]
[WhiteElo "2241"]
[BlackElo "2334"]
[WhiteFideId "4153987"]
[BlackFideId "24157570"]
[EventDate "2021.05.30"]

1. d4 Nf6 2. Nf3 e6 3. Bf4 d5 4. Nbd2 c5 5. e3 Nc6 6. c3 Qb6 7. Qc1 Be7 8. Bd3
O-O 9. O-O Bd7 10. h3 Rac8 11. Ne5 cxd4 12. exd4 Nxe5 13. dxe5 Ne8 14. Qd1 Bb5
15. Bxb5 Qxb5 16. Nf3 Qxb2 17. Rb1 Qxa2 18. Rxb7 Rc7 19. Rxc7 Nxc7 20. Nd4 Rc8
21. Qg4 Bf8 22. h4 Qc4 23. Bd2 Nb5 24. h5 Nxc3 25. Bxc3 Qxc3 26. h6 g6 27. Nf3
Bxh6 28. Qh4 Bg7 29. Re1 a5 30. Re3 Qa1+ 31. Kh2 a4 32. Qe7 Bf8 33. Qd7 Qc1 34.
Ng5 Qc7 35. Qxa4 Bg7 36. Qh4 h6 37. Nf3 g5 38. Qg4 Qc4 39. Qh5 d4 40. Re4 Qd5
41. Rxd4 Bxe5+ 42. Kg1 Bxd4 43. Qxh6 Rc1+ 44. Kh2 Be5+ 45. g3 Bg7 46. Qh5 Rd1 0-1

[Event "Women's Speed Chess Q3"]
[Site "chess.com INT"]
[Date "2021.05.30"]
[Round "16"]
[White "Ziegenfuss, Antonia"]
[Black "Berend, Elvira"]
[Result "0-1"]
[WhiteTitle "WFM"]
[BlackTitle "WGM"]
[WhiteElo "2157"]
[BlackElo "2326"]
[WhiteFideId "12962554"]
[BlackFideId "4000510"]
[EventDate "2021.05.30"]

1. d4 Nf6 2. c4 e6 3. Nc3 Bb4 4. f3 d5 5. a3 Bxc3+ 6. bxc3 O-O 7. cxd5 exd5 8.
e3 c5 9. Bd3 Nc6 10. Ne2 Re8 11. O-O Be6 12. Ng3 Rc8 13. Ra2 cxd4 14. cxd4 Na5
15. Re2 Nc4 16. Ree1 Qb6 17. Kh1 Nb2 18. Bxb2 Qxb2 19. Qb1 Qxb1 20. Rxb1 b6 21.
e4 dxe4 22. fxe4 Ng4 23. Rf3 Bc4 24. Bxc4 Rxc4 25. h3 Nf6 26. e5 Nd5 27. Rbf1
Rc7 28. Nf5 Rf8 29. e6 h6 30. Nd6 f6 31. Nf5 Re8 32. Re1 Kf8 33. Rg3 h5 34. Nh4
Ne7 35. Rd3 Rd8 36. Red1 Rd5 37. Rg3 g5 38. Nf3 Rc6 39. h4 g4 40. Nh2 Rxe6 41.
Rc3 Red6 42. Nf1 Rd7 43. Ne3 Rxd4 44. Rf1 Kf7 45. Rc6 R4d6 46. Rcc1 Re6 47. Nc4
Nd5 48. Rce1 Rxe1 49. Rxe1 Kg6 50. Rf1 b5 51. Nd2 Ne3 52. Rf2 Nd1 53. Re2 Nc3
54. Ne4 Nxe2 55. Nc5 Rd1+ 56. Kh2 g3+ 57. Kh3 Rh1# 0-1

[Event "Women's Speed Chess Q3"]
[Site "chess.com INT"]
[Date "2021.05.30"]
[Round "16"]
[White "Alboredo, Julia"]
[Black "Zaksaite, Salomeja"]
[Result "1-0"]
[WhiteTitle "WFM"]
[BlackTitle "WIM"]
[WhiteElo "2182"]
[BlackElo "2202"]
[WhiteFideId "2124807"]
[BlackFideId "12801496"]
[EventDate "2021.05.30"]

1. e4 g6 2. d4 Bg7 3. Nc3 b6 4. Be3 Bb7 5. f3 e6 6. Qd2 Ne7 7. O-O-O h6 8. h4 d6
9. g4 Nd7 10. h5 g5 11. Bg2 c6 12. f4 gxf4 13. Bxf4 Qc7 14. g5 e5 15. Be3 hxg5
16. Bxg5 exd4 17. Nce2 c5 18. h6 Bf6 19. Nf3 O-O-O 20. e5 dxe5 21. Bxf6 Nxf6 22.
Rdf1 e4 23. Ng5 e3 24. Bxb7+ Qxb7 25. Qe1 Ng6 26. Rxf6 Ne5 27. Qg3 Qxh1+ 28. Ng1
d3 29. cxd3 Nxd3+ 30. Kc2 Rxh6 31. Rxf7 Qc6 32. Qxe3 Nb4+ 33. Kb3 Rd3+ 34. Qxd3
Nxd3 35. Rf8+ Kd7 36. N1f3 c4+ 37. Kc2 Nb4+ 38. Kc3 Nd5+ 39. Kd2 Ne7 40. Ne5+
Kc7 41. Nxc6 Nxc6 42. Nf7 Rh2+ 43. Kc3 b5 44. Ng5 Rh3+ 45. Nxh3 Kb6 46. Rf6 Kc5
47. Rf5+ Kb6 48. Nf4 a5 49. b3 cxb3 50. axb3 b4+ 51. Kb2 Nd4 52. Rf6+ Kc5 53.
Nd3+ 1-0

[Event "Women's Speed Chess Q3"]
[Site "chess.com INT"]
[Date "2021.05.30"]
[Round "16"]
[White "Ulziikhishigjargal, Ochirkhuyag"]
[Black "Nandhidhaa, P V"]
[Result "0-1"]
[WhiteTitle "FM"]
[BlackTitle "WGM"]
[WhiteElo "2020"]
[BlackElo "2365"]
[WhiteFideId "4903188"]
[BlackFideId "5050847"]
[EventDate "2021.05.30"]

1. Nf3 c6 2. e3 d5 3. Be2 Nf6 4. O-O e6 5. c4 Bd6 6. b3 O-O 7. Bb2 Nbd7 8. Nc3
Re8 9. Rc1 e5 10. cxd5 cxd5 11. Nb5 Bb8 12. d4 e4 13. Ne5 Nxe5 14. dxe5 Bxe5 15.
Bxe5 Rxe5 16. Qd4 Re7 17. Nxa7 Be6 18. a4 Rd7 19. Rc2 Bg4 20. Bb5 Rc7 21. Rfc1
Rxc2 22. Rxc2 Qa5 23. h3 Be6 24. Qe5 Qxa7 25. Qd6 h6 26. Rc7 Qa5 27. Rxb7 Qe1+
28. Kh2 Qxf2 29. a5 Qxe3 30. a6 Kh7 31. b4 d4 32. Bf1 d3 33. b5 d2 34. a7 Rxa7
35. Rxa7 Qxa7 36. b6 Qb7 37. Be2 e3 38. Qd4 Nd5 39. Bd3+ g6 40. Be2 Qxb6 41. Qd3
Nf4 42. Qxe3 Qxe3 43. Bg4 Qf2 44. Bf3 d1=Q 45. h4 Qdxf3 46. h5 Q3xg2# 0-1

[Event "Women's Speed Chess Q3"]
[Site "chess.com INT"]
[Date "2021.05.30"]
[Round "16"]
[White "Golubeva, Oksana"]
[Black "Nurmanova, Alua"]
[Result "0-1"]
[WhiteTitle "WFM"]
[BlackTitle "WFM"]
[WhiteElo "2179"]
[BlackElo "2008"]
[WhiteFideId "4170164"]
[BlackFideId "13729390"]
[EventDate "2021.05.30"]

1. Nf3 Nf6 2. b3 g6 3. Bb2 Bg7 4. g3 O-O 5. Bg2 d6 6. O-O e5 7. d4 e4 8. Nfd2
Re8 9. e3 c6 10. h3 d5 11. c4 Be6 12. Nc3 Nbd7 13. cxd5 Bxd5 14. Nxd5 cxd5 15.
Rc1 Qb6 16. Qe2 Rac8 17. a3 a5 18. g4 h6 19. Rfd1 Rc6 20. Rxc6 bxc6 21. Rc1 c5
22. dxc5 Nxc5 23. Bd4 Nfd7 24. b4 axb4 25. axb4 Qxb4 26. Rb1 Qa4 27. Bxg7 Kxg7
28. Nf1 Nd3 29. Qd2 N7e5 30. Qc3 Qa2 31. Rd1 Qxf2+ 32. Kh1 Kh7 33. Rd2 Qe1 34.
Qd4 Nf3 35. Rxd3 Nxd4 36. Rxd4 Rd8 37. Kg1 f5 38. gxf5 gxf5 39. Kh2 f4 40. exf4
e3 41. f5 e2 42. Ng3 Qxg3+ 43. Kxg3 e1=Q+ 44. Kf3 Qe5 45. Rf4 d4 46. h4 d3 47.
Bh3 d2 48. Re4 Rd3+ 49. Kf2 Qxe4 50. f6 d1=Q 51. Bf5+ Qxf5+ 52. Kg2 Qdf3+ 53.
Kg1 Rd1+ 54. Kh2 Q5h3# 0-1

[Event "Women's Speed Chess Q3"]
[Site "chess.com INT"]
[Date "2021.05.30"]
[Round "16"]
[White "Putri, Regita Desyari"]
[Black "Dwilewicz, Katarzyna"]
[Result "1-0"]
[WhiteTitle "WFM"]
[BlackTitle "WFM"]
[WhiteElo "1897"]
[BlackElo "2092"]
[WhiteFideId "7109083"]
[BlackFideId "1148486"]
[EventDate "2021.05.30"]

1. d4 Nf6 2. c4 e6 3. Nf3 d5 4. Nc3 c6 5. Bg5 Nbd7 6. e3 Qa5 7. Bxf6 Nxf6 8. Nd2
Bb4 9. Qc2 O-O 10. Bd3 c5 11. O-O cxd4 12. exd4 dxc4 13. Nxc4 Qc7 14. a3 Be7 15.
Qe2 a6 16. Ne4 Nxe4 17. Bxe4 Rb8 18. Rac1 Qd8 19. Rfd1 b5 20. Ne5 Bb7 21. Qf3
Bxe4 22. Qxe4 Qb6 23. Nd7 Qb7 24. Qxb7 Rxb7 25. Nxf8 Bxf8 26. Rc8 f6 27. d5 exd5
28. Rxd5 Re7 29. g3 g5 30. Rdd8 Rf7 31. Ra8 Kg7 32. Rxa6 Bc5 33. Rd5 Ba7 34.
Rxb5 Re7 35. Rba5 Bd4 36. Rb5 Re2 37. Rf5 Kg6 38. g4 Rxb2 39. Kg2 h5 40. h3 Ra2
41. a4 hxg4 42. hxg4 Be5 43. Rxe5 Kg7 44. Re7+ Kg6 45. Ree6 Kg7 46. Rxf6 Ra3 47.
Rfb6 Re3 48. Ra7+ 1-0

[Event "Women's Speed Chess Q3"]
[Site "chess.com INT"]
[Date "2021.05.30"]
[Round "16"]
[White "Osmak, Iulija"]
[Black "Padmini, Rout"]
[Result "0-1"]
[WhiteTitle "IM"]
[BlackTitle "IM"]
[WhiteElo "2425"]
[BlackElo "2370"]
[WhiteFideId "14101602"]
[BlackFideId "5029295"]
[EventDate "2021.05.30"]

1. b4 e5 2. Bb2 Bxb4 3. Bxe5 Nf6 4. e3 O-O 5. Nf3 Nc6 6. Bb2 d5 7. Be2 Re8 8.
O-O Bf5 9. d3 Bd6 10. Nbd2 a5 11. c4 Bg6 12. Bxf6 Qxf6 13. cxd5 Ne5 14. e4 Nxf3+
15. Nxf3 Rad8 16. Rb1 c6 17. dxc6 bxc6 18. Qc2 c5 19. h3 Rc8 20. Rfe1 c4 21. Qd1
c3 22. Rc1 Ba3 23. Rc2 Qb6 24. Bf1 f5 25. e5 Bf7 26. d4 h6 27. Bd3 g6 28. Qe2
Kg7 29. Qe3 Bb2 30. Qf4 a4 31. Qg3 Kh7 32. h4 Bxa2 33. h5 Rf8 34. hxg6+ Qxg6 35.
Qf4 Bb3 36. Nh4 Qg5 37. Qh2 Kg8 38. Nf3 Qg6 39. Nh4 Qg5 40. Nf3 Qg7 41. Qf4 Qg4
42. Qxh6 Rc7 43. Nh2 Qg7 44. Qf4 Bxc2 45. Bxc2 a3 46. Bb3+ Kh8 47. g3 c2 48. Nf3
c1=Q 49. Rxc1 Bxc1 50. Kg2 Bxf4 0-1

[Event "Women's Speed Chess Q3"]
[Site "chess.com INT"]
[Date "2021.05.30"]
[Round "16"]
[White "Froewis, Annika"]
[Black "Antonova, Nadezhda"]
[Result "0-1"]
[WhiteTitle "WFM"]
[BlackTitle "WFM"]
[WhiteElo "2143"]
[BlackElo "1877"]
[WhiteFideId "1621432"]
[BlackFideId "14700182"]
[EventDate "2021.05.30"]

1. e4 d6 2. d4 Nf6 3. Nc3 e5 4. Nf3 Nbd7 5. Bc4 Be7 6. O-O O-O 7. a4 c6 8. h3 b6
9. Re1 Qc7 10. Ba2 Bb7 11. Bg5 a6 12. Qd2 b5 13. axb5 axb5 14. b4 Nb6 15. d5 Na4
16. dxc6 Bxc6 17. Bxf6 Bxf6 18. Nd5 Qd8 19. Bb3 Nb6 20. Rxa8 Bxa8 21. Rd1 Nxd5
22. Bxd5 Be7 23. c3 Qc8 24. Qd3 h6 25. Qxb5 Qxc3 26. Qd7 Bf6 27. Bxa8 Rxa8 28.
Rxd6 Qxb4 29. Kh2 Qxe4 30. Rd3 Qf4+ 31. g3 Qe4 32. Qd5 Qxd5 33. Rxd5 Re8 34. Kg2
g6 35. Nd2 Kg7 36. f3 Be7 37. Ne4 f5 38. Rd7 fxe4 39. fxe4 Kf6 40. Kf3 Ke6 41.
Rb7 Rf8+ 42. Ke3 Rf7 43. Rb6+ Bd6 44. Rb7 Rf6 0-1

[Event "Women's Speed Chess Q3"]
[Site "chess.com INT"]
[Date "2021.05.30"]
[Round "16"]
[White "Voit, Daria"]
[Black "Paehtz, Elisabeth"]
[Result "1-0"]
[WhiteTitle "WGM"]
[BlackTitle "IM"]
[WhiteElo "2360"]
[BlackElo "2456"]
[WhiteFideId "4182146"]
[BlackFideId "4641833"]
[EventDate "2021.05.30"]

1. Nf3 g6 2. d4 Bg7 3. c4 d6 4. g3 Nf6 5. Bg2 O-O 6. O-O Nc6 7. Nc3 e5 8. d5 Nb8
9. e4 a5 10. c5 Na6 11. cxd6 cxd6 12. Be3 Nd7 13. Nd2 Ndc5 14. b3 b6 15. a3 Bd7
16. Qe2 f5 17. f3 Bf6 18. Rab1 Bg5 19. b4 Bxe3+ 20. Qxe3 axb4 21. axb4 Na4 22.
Nxa4 Bxa4 23. Rfc1 Bd7 24. Bf1 b5 25. Rc3 f4 26. Qf2 fxg3 27. hxg3 Qg5 28. Kg2
h5 29. Qe3 Qf6 30. Be2 Rac8 31. Ra3 Nb8 32. Ra7 Be8 33. Rb3 Nd7 34. Rc3 Rxc3 35.
Qxc3 Qg5 36. Nf1 Nf6 37. Qd2 Qxd2 38. Nxd2 Bd7 39. Nb3 Kf7 40. Na5 Rc8 41. Nc6
Ke8 42. Bxb5 g5 43. Ba4 g4 44. b5 gxf3+ 45. Kxf3 Bg4+ 46. Ke3 Nd7 47. Rb7 Nc5
48. Ra7 Nxa4 49. Rxa4 Bd7 50. b6 Bxc6 51. dxc6 Rxc6 52. b7 Kd8 1-0

[Event "Women's Speed Chess Q3"]
[Site "chess.com INT"]
[Date "2021.05.30"]
[Round "16"]
[White "Nanditha, V"]
[Black "Perez Rodriguez, Jennifer"]
[Result "0-1"]
[WhiteTitle "WCM"]
[BlackTitle "WIM"]
[WhiteElo "1666"]
[BlackElo "2251"]
[WhiteFideId "46626697"]
[BlackFideId "3507831"]
[EventDate "2021.05.30"]

1. e4 e5 2. Nf3 Nc6 3. Bb5 f5 4. Bxc6 dxc6 5. Nxe5 Nf6 6. exf5 Bxf5 7. O-O Bd6
8. d4 O-O 9. Bg5 c5 10. c3 cxd4 11. cxd4 Qe8 12. Re1 Qb5 13. Nc3 Qxb2 14. Rc1
Rad8 15. Re2 Qb6 16. Nc4 Qa6 17. Qb3 Kh8 18. Nxd6 Qxd6 19. Qxb7 Qxd4 20. Bxf6
Qxf6 21. Qxc7 Rc8 22. Qg3 Rfd8 23. h3 Rd3 24. Re3 Rxe3 25. Qxe3 h6 26. Ne2 Rxc1+
27. Nxc1 Kh7 28. Kh2 Qb2 29. Qf4 Bg6 30. a4 a6 31. Ne2 Qxe2 32. h4 Qe6 33. a5
Qf5 34. Qb4 Qb5 35. Qd2 Qc4 36. f3 Qxh4+ 37. Kg1 Qf6 38. Qe3 Bf7 39. Qa3 Qg6 40.
Qc5 Be6 41. Kf2 Bf5 42. Ke3 h5 43. Qb6 Qg5+ 44. f4 Qg3+ 45. Kd4 Qxf4+ 46. Kc5
Qf2+ 47. Kd5 Qxb6 48. axb6 Bc8 49. Kc6 a5 50. Kc7 Ba6 51. Kb8 a4 52. Ka7 a3 53.
Kxa6 a2 0-1

[Event "Women's Speed Chess Q3"]
[Site "chess.com INT"]
[Date "2021.05.30"]
[Round "16"]
[White "Socko, Monika"]
[Black "Soumya, Swaminathan"]
[Result "1-0"]
[WhiteTitle "GM"]
[BlackTitle "IM"]
[WhiteElo "2421"]
[BlackElo "2351"]
[WhiteFideId "1106619"]
[BlackFideId "5016193"]
[EventDate "2021.05.30"]

1. g3 Nf6 2. Bg2 g6 3. d3 d5 4. Nf3 Bg7 5. O-O O-O 6. Nbd2 c5 7. e4 Nc6 8. c3 e5
9. Re1 Re8 10. exd5 Nxd5 11. Nc4 Bf5 12. Ng5 b5 13. Na3 a6 14. Ne4 b4 15. Nc4
bxc3 16. Nxc5 cxb2 17. Bxb2 Rb8 18. Rb1 Ncb4 19. a3 Nc6 20. Be4 Bxe4 21. dxe4
Nde7 22. Nd6 Rf8 23. Ndb7 Qc7 24. Bc3 Nd4 25. Re3 Nec6 26. Nxa6 Qe7 27. Nxb8
Rxb8 28. Na5 Rxb1 29. Qxb1 Nxa5 30. Bxa5 Qc5 31. Bb4 Qc4 32. Kg2 h5 33. Rc3 Qa6
34. h4 Kh7 35. Qd1 Qe6 36. Qd3 Qg4 37. f3 Qe6 38. Rc5 Qa2+ 39. Kh3 Qa1 40. Kg2
Qa2+ 41. Kg1 Qa1+ 42. Kf2 Qa2+ 43. Ke1 Qa1+ 44. Qd1 Nxf3+ 45. Ke2 Nd4+ 46. Kd2
Qa2+ 47. Rc2 Nxc2 48. Qxc2 Qe6 49. Qd3 Bh6+ 50. Kc3 Qc6+ 51. Kb3 Qc1 52. a4 1-0

[Event "Women's Speed Chess Q3"]
[Site "chess.com INT"]
[Date "2021.05.30"]
[Round "16"]
[White "Doluhanova, Evgeniya"]
[Black "Varshini, V"]
[Result "0-1"]
[WhiteTitle "WGM"]
[BlackTitle "WGM"]
[WhiteElo "2207"]
[BlackElo "2226"]
[WhiteFideId "14112035"]
[BlackFideId "5091241"]
[EventDate "2021.05.30"]

1. e4 c5 2. Nf3 d6 3. d4 cxd4 4. Nxd4 Nf6 5. Nc3 a6 6. Be2 e6 7. Be3 Be7 8. Qd2
Qc7 9. O-O b5 10. a3 Bb7 11. Bf3 Nbd7 12. g3 O-O 13. Bg2 Ne5 14. b3 Rac8 15.
Nce2 Nxe4 16. Qd1 Nf6 17. h3 Bxg2 18. Kxg2 Qb7+ 19. f3 Nfd7 20. Nf4 Nb8 21. Nd3
Nbc6 22. Nxe5 Nxe5 23. Rc1 Bf6 24. Ne2 Rfd8 25. Nf4 Ng6 26. Nxg6 hxg6 27. Bd4
Qd5 28. Bxf6 Qxd1 29. Rfxd1 gxf6 30. c4 bxc4 31. Rxc4 Kf8 32. Rdc1 Rxc4 33. Rxc4
Rb8 34. b4 Rb6 35. Kf2 d5 36. Rc5 f5 37. Ke3 Ke7 38. f4 Kd6 39. Kd4 Rc6 40. Ra5
Kc7 41. g4 fxg4 42. hxg4 Kb6 43. Kd3 Rc4 44. Ke3 Re4+ 45. Kf3 Rd4 46. Ke3 Rc4
47. g5 Rc1 48. Kd4 Re1 49. Rc5 Re4+ 50. Kd3 Rxf4 51. Rc8 Rf5 52. Rb8+ Kc7 53.
Ra8 Kb7 54. Rf8 e5 55. a4 Rf4 56. b5 axb5 57. axb5 Kb6 58. Re8 Rf5 59. Re7 Rxg5
60. Rxf7 Kxb5 61. Re7 Kc5 62. Rc7+ Kd6 0-1

[Event "Women's Speed Chess Q3"]
[Site "chess.com INT"]
[Date "2021.05.30"]
[Round "16"]
[White "Bivol, Alina"]
[Black "Assaubayeva, Bibisara"]
[Result "0-1"]
[WhiteTitle "WGM"]
[BlackTitle "IM"]
[WhiteElo "2385"]
[BlackElo "2381"]
[WhiteFideId "4100123"]
[BlackFideId "13708694"]
[EventDate "2021.05.30"]

1. e4 e5 2. d4 exd4 3. c3 d5 4. cxd4 dxe4 5. Nc3 Nf6 6. Bg5 Be7 7. Nge2 O-O 8.
Ng3 Nc6 9. d5 Nb4 10. Bxf6 Bxf6 11. Ngxe4 Re8 12. Be2 Bxc3+ 13. Nxc3 Bf5 14. O-O
c6 15. dxc6 Nxc6 16. Bb5 Qb6 17. Qh5 Bg6 18. Qh3 Rad8 19. Rfe1 a6 20. Bxc6 Qxc6
21. Rad1 Rxd1 22. Rxd1 b5 23. a3 h6 24. Qg4 Qc5 25. h3 Bh5 26. Qd7 Re6 27. Rd5
Re1+ 28. Kh2 Qxf2 29. Rf5 Qg1+ 30. Kg3 Re3+ 31. Kh4 Bg6 32. Qd8+ Kh7 33. Rf3
Rxf3 34. gxf3 Qf2+ 35. Kg4 Qg2+ 36. Kf4 Qxh3 37. Ne4 Bxe4 38. fxe4 Qh2+ 39. Kg4
Qxb2 40. Qe7 Qf6 41. Qb7 g6 42. Qc7 h5+ 43. Kg3 Kg7 44. e5 Qe6 45. Qb8 a5 46.
Qxb5 a4 47. Qc5 g5 48. Qe3 Qg4+ 49. Kf2 Qf4+ 50. Qxf4 gxf4 51. Kf3 Kg6 52. Kxf4
h4 53. Kg4 h3 54. Kxh3 Kf5 55. Kg3 Kxe5 56. Kf3 Kf5 57. Ke3 Kg4 58. Ke4 f5+ 59.
Ke3 Kg3 0-1

[Event "Women's Speed Chess Q3"]
[Site "chess.com INT"]
[Date "2021.05.30"]
[Round "16"]
[White "Petrova, Irina"]
[Black "Mendoza, Shania Mae"]
[Result "1-0"]
[WhiteTitle "WIM"]
[BlackTitle "WFM"]
[WhiteElo "2110"]
[BlackElo "2158"]
[WhiteFideId "14124122"]
[BlackFideId "5211158"]
[EventDate "2021.05.30"]

1. e4 c6 2. Nf3 d5 3. d3 dxe4 4. dxe4 Qxd1+ 5. Kxd1 Bg4 6. Be2 Nd7 7. Be3 O-O-O
8. Nbd2 Kb8 9. c3 e5 10. Kc2 f6 11. b4 Ne7 12. a4 Nc8 13. a5 Bd6 14. Rhb1 Ne7
15. Nc4 Bc7 16. b5 c5 17. b6 axb6 18. axb6 Nc6 19. bxc7+ Kxc7 20. Na5 b6 21.
Nxc6 Kxc6 22. Bb5+ Kc7 23. Bxd7 Rxd7 24. Ra7+ Kc6 25. Rxd7 Bxd7 26. Ra1 Be8 27.
Ra7 Bg6 28. Nd2 Rg8 29. f3 f5 30. Kb3 f4 31. Bf2 h6 32. Kc2 Be8 33. Nc4 g5 34.
Nxe5+ Kb5 35. Re7 h5 36. h3 Ka6 37. Re6 Ba4+ 38. Kb2 Kb7 39. Re7+ Ka6 40. Nd7
Rd8 41. Nf6 Rd2+ 42. Ka3 Bd1 43. Be1 Re2 44. e5 Rxe1 45. e6 Re3 46. Nd5 Rd3 47.
Nc7+ Ka5 48. Rd7 Rxc3+ 49. Kb2 Rc2+ 50. Kb1 Re2 51. Rxd1 b5 52. Kc1 c4 53. Rd2
Re1+ 54. Kc2 Rxe6 55. Nxe6 b4 56. Nd4 Ka4 57. Kb1 Ka3 58. Ra2# 1-0